Child -Centered Disaster Risk: (Record no. 211922)

MARC details
000 -LEADER
fixed length control field 00624nam a22001937a 4500
005 - DATE AND TIME OF LATEST TRANSACTION
control field 20250624124518.0
010 ## - LCCN (DPL NO)
LC control number ENG-145525
020 ## - INTERNATIONAL STANDARD BOOK NUMBER
Terms of availability 400.00
International Standard Book Number 9789389658958
035 ## - SYSTEM CONTROL NUMBER
System control number EN-129057
037 ## - SOURCE OF ACQUISITION
Source of stock number/acquisition DBAD/PUB
082 ## - DEWEY DECIMAL CLASSIFICATION NUMBER
Classification number 363.34
100 ## - MAIN ENTRY--PERSONAL NAME
Personal name Selvaraju, R.
245 ## - TITLE STATEMENT
Title Child -Centered Disaster Risk:
Remainder of title Emerging Issues In Social Protection/
Statement of responsibility, etc R. Selvaraju
250 ## - EDITION STATEMENT
Edition statement 1
260 ## - PUBLICATION, DISTRIBUTION, ETC. (IMPRINT)
Place of publication, distribution, etc Madurai
Name of publisher, distributor, etc Shanlax Publication
Date of publication, distribution, etc 2020
270 ## - ADDRESS
City Tamil Nadu
Address 61,66 T.P.K.Main Road Vasantha Nagar
Postal code 625003
Telephone number 04524208765
-- 7639303383
300 ## - PHYSICAL DESCRIPTION
Extent 145vpp.
Dimensions 22cm(pbk)
942 ## - ADDED ENTRY ELEMENTS (KOHA)
Source of classification or shelving scheme Dewey Decimal Classification
Item type English Books
Classification part 363.34
Call number suffix SEL
Holdings
Withdrawn status Lost status Not for loan Collection code Home library Current library Date acquired Source of acquisition Cost, normal purchase price Full call number Barcode Copy number Cost, replacement price Koha item type
    Not For Loan Non-fiction D.B.Act.Division D.B.Act.Division 24/06/2025 DBAD 400.00 363.34 SEL EN-129057 1 400.00 English Books

© Delhi Public Library
Hit Counter
free hit counter